Вавилон (Запись № 11439474)

Подробности
000 -МАРКЕР
контрольное поле 01062nam0a2200265 4500
001 - ИДЕНТИФИКАТОР ЗАПИСИ
контрольное поле RU\NLR\BIBL_A\011388128
005 - ИДЕНТИФИКАТОР ВЕРСИИ
контрольное поле 20250626055641.0
035 ## - ДРУГИЕ СИСТЕМНЫЕ НОМЕРА
Идентификатор записи (NLR Aleph) 011388128
100 ## - ДАННЫЕ ОБЩЕЙ ОБРАБОТКИ
Данные общей обработки 20170519d1992 |||y0rusy50 ca
101 1# - ЯЗЫК РЕСУРСА
Язык текста, звукозаписи и т.д. русский
Язык оригинала словацкий
102 ## - СТРАНА ПУБЛИКАЦИИ ИЛИ ПРОИЗВОДСТВА
Страна публикации Российская Федерация
105 ## - ПОЛЕ КОДИРОВАННЫХ ДАННЫХ: ТЕКСТОВЫЕ МАТЕРИАЛЫ, МОНОГРАФИЧЕСКИЕ
Кодированные данные о монографическом текстовом документе y|||z|||000ay
200 1# - ЗАГЛАВИЕ И СВЕДЕНИЯ ОБ ОТВЕТСТВЕННОСТИ
Основное заглавие Вавилон
Сведения, относящиеся к заглавию роман
-- в 2 кн.
Первые сведения об ответственности Маргита Фигули
Последующие сведения об ответственности [пер. со словац. И.А. Богдановой, Ю.В. Богданова
-- предисл. Ю.В. Богданова]
210 ## - ПУБЛИКАЦИЯ, РАСПРОСТРАНЕНИЕ И ДР.
Место издания, распространения и т.д. Воронеж
Имя издателя, распространителя и т. д. Экономико-правовая фирма "Амко"
Дата издания, распространения и т.д. [1992]
215 ## - ФИЗИЧЕСКАЯ ХАРАКТЕРИСТИКА
Специфическое обозначение материала и объем 733 с.
Размеры 21
225 1# - СЕРИЯ
Основное заглавие серии Исторический роман
Сведения, относящиеся к заглавию ИР
686 1# - ИНДЕКСЫ ДРУГИХ КЛАССИФИКАЦИЙ
Индекс Ш6(4Че)277-442{Лх1159-51}
700 #1 - ИМЯ ЛИЦА - ПЕРВИЧНАЯ ОТВЕТСТВЕННОСТЬ
Начальный элемент ввода Фигули
Часть имени, кроме начального элемента ввода М.
Даты 1909-1995
Расширение инициалов личного имени Маргита
Системный номер авторитетной/нормативной записи 174015
Идентификатор авторитетной/нормативной записи RU\NLR\AUTH\770174066
852 ## - МЕСТОНАХОЖДЕНИЕ И ШИФР ХРАНЕНИЯ
Идентификатор организации NLR
Шифр хранения (Call Number) 92-3/6460
942 ## - ДОПОЛНИТЕЛЬНЫЕ ЭЛЕМЕНТЫ ЗАПИСИ (АБИС)
Тип экземпляра АБИС Книга
980 ## - КОЛЛЕКЦИЯ
Название коллекции Национальная библиография
Экземпляры
Тип экземпляра Дата поступления Стоимость Библиотека постоянного хранения Библиотека текущего хранения Место хранения Шифр хранения Штрих-код Статус экземпляра
Книга 13.07.2017 230.00 РНБ (Фонтанка) РНБ (Фонтанка) Юношеский читальный зал Ю И(Че)/Ф-49 1-347001